00857nam a2200241 a 450000100100000000500170001000800410002702000150006804000250008308200180010810000400012624500480016626000610021430000200027549000350029558600350033065000290036565000310039483000420042504900090046795201220047699900170059800001884720200929165851.0100519s1987 sp r 000 p spa d a8400065921 aDO-SdBNPbspacBNPHU a861.44bM722c1 aMoliner, Luis Carlos,d1949-94060614aLos cuerpos en el límite /cLuis Moliner. aZaragoza :bInstitución Fernando el Católico,c1987. a64 p. ;c24 cm.1 aColección San Jorge ;vno.50 aPremio Isabel de Portugal 1987 4aPoesía española9631 4aLiteratura española9632 0aColección San Jorge ;nno.50940607 aBNGR 001054708MOaGRbGRcCTd2010-05-19iLF1l0o861.44 M722cp18847-10r2020-06-25w2020-06-25y4ZPréstamo en sala c18367d18367